000 00422nam a2200157Ia 4500
999 _c22078
_d22078
003 OSt
005 20200215112239.0
008 190216s9999||||xx |||||||||||||| ||und||
040 _coclc
082 _a297
_bMOU/I
100 _aMoudoodi, Abul Ala
_91860
245 0 _aIslam Matham /
_cAbul Ala Moudoodi
260 _bIPH Publications,
300 _a208p
942 _cBK
_2ddc
_h297
_iMOU/I
_k297
_mMOU/I